000 00482nam a22001937a 4500
003 MPLRDC
005 20220104124258.0
008 210129b ||||| |||| 00| 0 eng d
020 _a957-9344-88-4
082 _a490.8 JCZC v.44
100 _a爱文. 佛兰德
245 _a产品企划的艺术
_c邹应瑷译
250 _a初版
260 _a
_b中国生产力中心
_c1993
300 _b
490 _a决策者丛书. 44
650 _a
942 _cBK
_o490.8 JCZC v.44
999 _c18063
_d18053